000 00633nam a22002057a 4500
005 20130703154756.0
010 _aB-508930-931
020 _c645.00
_a9788131715536
035 _aB-508930-931
037 _bKBD/Ven
082 _a530
100 _aHewitt, Paul G
245 _aConceptual Physics/
_cby Paul G.Hewitt
250 _a10th
260 _aNew Delhi
_bPearson
_c2012
270 _a11 Community Centre, Panchsheel Park
_bNew Delhi
_e110017
300 _a788p.
_c25cm(pbk)
942 _2ddc
_cEN
_h530
_mHEW
999 _c77161
_d77161